000 00789cab a2200217 4500
001 WB3136-19
008 090401t1995 xxu||||| |||| 00| 0 eng d
035 _a(Sirsi) u74671
041 _aeng
245 _aFirms told to forge Euro links
260 _c1995
350 _a0
490 _aProperty Week
_v28 September 1995, 5(1)
520 _aJeremy Waters, a partner with Jones Lang Wootton, says that property groups should gear themselves up for international markets and that more education is needed for `home-grown` surveyors who may be forced to find work abroad.
650 _aTRAINING AND EDUCATION
650 _aWORKING OVERSEAS
690 _aEUROPE-SINGLE MARKET
690 _aMANAGEMENT-BUSINESS MANAGEMENT-PROFESSIONAL PRACTICE
942 _n0
948 _c04/03/1997
999 _c47056
_d47056